000 00368nam a22001697a 4500
001 MACL
003 MACL
005 20150527171142.0
008 MACL
040 _cMACL
082 _a301
100 _aPrasad,Gauri Shankar
_961
245 _aCultural Anthropogy
260 _aNew Delhi
_bCrescent Publishing
_c2012
650 _aAnthropology
_962
942 _2ddc
_cBK
_k301
999 _c49744
_d49744